| 000 | 00534nam a2200145Ia 4500 | ||
|---|---|---|---|
| 008 | 170221s9999 xx 000 0 und d | ||
| 100 | _aMansour Naser Alraja | ||
| 245 | 4 | _aThe Adoption of Internet Banking: Clients' Perspective in Oman | |
| 245 | _cMansour Naser Alraja, Badreldin F. Salim, Mohammad Ahmar Uddin, Mohammed Yousoof | ||
| 260 | _bInternational Review of Management and Marketing | ||
| 260 | _c2016 | ||
| 300 | _a15 : 18 | ||
| 650 | _xMarketing. | ||
| 856 | _uhttp://www.econjournals.com/index.php/irmm/issue/view/88 | ||
| 999 |
_c312311 _d312311 |
||